01210nam a2200385 a 4500003000900000005001700009008004100026020001800067040001300085245005800098260003800156300003200194490003100226500004200257650002300299650002000322650002900342650002900371650002200400650001700422650001400439650001400453650001600467650001800483650002200501650003100523651003500554653001300589700002500602700002400627700004300651700002600694700003100720810007300751AR-BaBNM20251128210614.0082120s2002 ||||||||||||||000 | spa|| a987-509-007-7 cAR-BaBNM00aSan Ignacio, la iglesia más antigua de Buenos Aires aBuenos AiresbManrique Zagoc1997 a107 p.bláms., mapas, il. 0aManzana de las Lucesvv. 1 aContiene referencias bibliográficas 4aHISTORIA ARGENTINA 4aSIGLO DIECIOCHO 4aCOSTUMBRES Y TRADICIONES 4aHISTORIA DE BUENOS AIRES 4aBIENES CULTURALES 4aARQUITECTURA 4aURBANISMO 4aEDIFICIOS 4aVIDA SOCIAL 4aVIDA CULTURAL 4aPERIODO HISPANICO 4aHISTORIA DE LAS RELIGIONES 4aBuenos Aires [Capital Federal] aJESUITAS1 aSoulés, María I.1 aGarrido, Marcela F.1 aArias Incollá, María de las Nieves1 aSchenone, Héctor H.1 aLuna, Félixeprologuista2 aInstituto de Investigaciones Históricas de la Manzana de Las Luces